| 000 | 01801cam a22004214i 4500 | ||
|---|---|---|---|
| 003 | PE-LiUPU | ||
| 005 | 20250731175636.0 | ||
| 008 | 150706s r 000 0 d | ||
| 020 | _a0521429684 | ||
| 035 | _a(Sirsi) i9780521429689 | ||
| 040 |
_aPE-LiUPU _bspa _cPE-LiUPU _erda |
||
| 049 | _aPRUA | ||
| 082 | 0 | 4 |
_a418.007 _bN93 _221 |
| 100 | 1 |
_aNunan, David, _eautor. |
|
| 245 | 1 | 0 |
_aResearch methods in language learning / _cDavid Nunan. |
| 264 | 1 |
_aCambridge, New York, NY, USA : _bCambridge University Press, _c1992. |
|
| 300 |
_a249 páginas : _bilustraciones ; _c23 centímetros |
||
| 336 |
_atext _2rdacontent |
||
| 337 |
_aunmediated _2rdamedia |
||
| 338 |
_avolume _2rdacarrier |
||
| 490 | 0 | _aCambridge language teaching library | |
| 504 | _aIncluye bibliografía. | ||
| 505 | 0 | _aAn introduction to research methods and traditions -- The experimental method -- Ethnography -- Case study -- Classroom observation and research -- Introspective methods -- Elicitation techniques -- Interaction analysis -- Program evaluation -- Doing research. | |
| 526 | _aP145 | ||
| 526 | _aP127 | ||
| 526 | _aP97 | ||
| 526 | _aP35 | ||
| 526 | _aP14 | ||
| 526 | _aP07 | ||
| 541 | _g001-001819; | ||
| 650 | 0 | 4 |
_aLenguaje y lenguas _xEstudio y enseñanza _xInvestigación _vMetodología. |
| 910 |
_bjv _clch _d20101011 |
||
| 942 |
_2ddc _cBOOK |
||
| 949 |
_a418.007 N93 _wDEWEY _c1 _i62143 _lCCODEBUL1 _mBUL _p30.00 _r0 _sY _tBOOK _u2015-7-6 _xEDUCACION _PP20 _0COMPRA _o.STAFF. Colección General |
||
| 994 |
_aC0 _bPEPRU |
||
| 596 | _a1 | ||
| 999 |
_a418.007 N93 _wDEWEY _c51231 _i62143 _d51231 _f2021-11-8 _g5 _lCCODEBUL1 _mBUL _p30.00 _q2 _r0 _sN _tBOOK _u2015-7-6 _xEDUCACION _PP20 _0COMPRA _o.STAFF. Colección General |
||
| 980 |
_81 _gALBERTO SANCHEZ Responsable de Automatización |
||